000 00358nam a2200133Ia 4500
008 210430s9999 xx 000 0 und d
020 _a978-81-8489-814-9
082 _a547.83M394 C
100 _aWerner Massa
_954270
245 _aCrystal Structure Determination 2nd
_cWerner Massa
260 _aIndia
_bSpringer
_c2011
300 _a210p
942 _cBK
_2ddc
999 _c564762
_d564762